000 01294nam a2200325Ia 4500
001 ebr10225368
003 CaPaEBR
006 m u
007 cr cn|||||||||
008 070403s2008 njuad sb 001 0 eng d
010 _z 2008297885
020 _z0471920835 (hbk.)
020 _z9780471920830 (hbk.)
040 _aCaPaEBR
_cCaPaEBR
035 _a(OCoLC)211911037
050 1 4 _aHC106
_b.B35 2008eb
245 0 0 _aBayesian methods in finance
_h[electronic resource] /
_cSvetlozar T. Rachev ... [et al.].
260 _aHoboken, N.J. :
_bWiley,
_cc2008.
300 _axviii, 329 p. :
_bill., charts.
490 1 _aThe Frank J. Fabozzi series
504 _aIncludes bibliographical references (p. 298-309) and index.
533 _aElectronic reproduction.
_bPalo Alto, Calif. :
_cebrary,
_d2009.
_nAvailable via World Wide Web.
_nAccess may be limited to ebrary affiliated libraries.
650 0 _aFinance
_xMathematical models.
650 0 _aBayesian statistical decision theory.
655 7 _aElectronic books.
_2local
700 1 _aRachev, S. T.
_q(Svetlozar Todorov)
710 2 _aebrary, Inc.
830 0 _aFrank J. Fabozzi series.
856 4 0 _uhttp://site.ebrary.com/lib/rucke/Doc?id=10225368
_zAn electronic book accessible through the World Wide Web; click to view
999 _c41094
_d41094